1.FC Union Berlin Squad 2021-2022 - Statistics

General Stats
  • This quiz has been taken 34 times
  • The average score is 19 of 35
Answer Stats
# Position Nation Player % Correct
1 GK Germany Andreas Luthe
95%
28 DF Austria Christopher Trimmel
95%
27 FW Suriname Sheraldo Becker
95%
6 DF Norway Julian Ryerson
85%
14 FW Nigeria Taiwo Awoniyi
85%
- Coach Switzerland Urs Fischer
80%
31 DF Germany Robin Knoche
80%
19 GK Denmark Frederik Rønnow
75%
24 MF Japan Genki Haraguchi
75%
10 FW Germany Max Kruse
75%
13 MF Hungary András Schäfer
70%
8 MF Tunisia Rani Khedira
70%
21 MF Germany Grischa Prömel
65%
18 FW Japan Keita Endō
65%
23 DF Germany Niko Gießelmann
65%
3 DF Germany Paul Jaeckel
65%
12 GK Denmark Jakob Busk
60%
25 DF Germany Timo Baumgartl
60%
11 FW Nigeria Anthony Ujah
55%
10 FW Germany Sven Michel
55%
4 DF Netherlands Rick van Drongelen
50%
9 FW Germany Andreas Voglsammer
45%
17 FW Germany Kevin Behrens
45%
5 DF Germany Marvin Friedrich
45%
36 FW Germany Cedric Teuchert
35%
30 MF Germany Kevin Möhwald
30%
39 FW Nigeria Suleiman Abdullahi
30%
26 DF Poland Tymoteusz Puchacz
30%
33 DF Germany Dominique Heintz
25%
7 MF Germany Levin Öztunali
25%
37 DF Germany Mathis Bruns
20%
20 DF Germany Bastian Oczipka
15%
29 MF Germany Laurenz Dehl
15%
35 MF Germany Fabio Schneider
5%
15 MF Poland Paweł Wszołek
5%
No matching quizzes found
Score Distribution
Percent of People with Each Score
Percentile by Number Answered
Your Score History
You have not taken this quiz